Self-defending Networks : (Record no. 580776)

MARC details
000 -LEADER
fixed length control field 00476nam a2200193 a 4500
008 - FIXED-LENGTH DATA ELEMENTS--GENERAL INFORMATION
fixed length control field 250812s2007##################000#0#eng##
020 ## - INTERNATIONAL STANDARD BOOK NUMBER
ISBN 9781587052538
082 04 - DEWEY DECIMAL CLASSIFICATION NUMBER
Classification number 005.8
Item number CAP
100 1# - MAIN ENTRY--AUTHOR NAME
Personal name Capite, Duane De,
245 10 - TITLE STATEMENT
Title Self-defending Networks :
260 ## - PUBLICATION, DISTRIBUTION, ETC. (IMPRINT)
Year of publication 2007.
300 ## - PHYSICAL DESCRIPTION
Number of Pages 270 pages
650 #0 - SUBJECT ADDED ENTRY--TOPICAL TERM
Topical Term Computers.
942 ## - ADDED ENTRY ELEMENTS (KOHA)
Koha item type English Books
Holdings
Withdrawn status Lost status Damaged status Not for loan Home library Current library Shelving location Date acquired Full call number Accession Number Price effective from Koha item type
        Anna Centenary Library Anna Centenary Library 3RD FLOOR, A WING 12.08.2025 005.8 CAP 212157 12.08.2025 English Books

Find us on the map